Sociologie a životní prostředí 1 věda - sociologie - životní prostředí

Saved in:
Bibliographic Details
Format: Book
Language:Czech
Published: Praha Státní pedagogické nakladatelství 1986
Tags: Add Tag
No Tags, Be the first to tag this record!

MARC

LEADER 00000nam a2200000 4500
001 c103237
005 20260123124810.8
041 0 |a cze 
044 |a CZ 
245 1 0 |a Sociologie a životní prostředí 1  |b věda - sociologie - životní prostředí  |c Petr Duffek 
264 1 |a Praha  |b Státní pedagogické nakladatelství  |c 1986 
300 |a 140 s.